The i love to cook book : (Record no. 4108)

MARC details
000 -LEADER
fixed length control field 00646nam a22001937a 4500
003 - CONTROL NUMBER IDENTIFIER
control field OSt
005 - DATE AND TIME OF LATEST TRANSACTION
control field 20250820051819.0
008 - FIXED-LENGTH DATA ELEMENTS--GENERAL INFORMATION
fixed length control field 250820b |||||||| |||| 00| 0 eng d
020 ## - INTERNATIONAL STANDARD BOOK NUMBER
International Standard Book Number 0-609-61087-2.
040 ## - CATALOGING SOURCE
Original cataloging agency DWCL MAIN LIB
Transcribing agency OC
082 ## - DEWEY DECIMAL CLASSIFICATION NUMBER
Classification number Circ. 641.5 G883i 2004
100 ## - MAIN ENTRY--PERSONAL NAME
Personal name GROVEMAN, LAUREN
245 ## - TITLE STATEMENT
Title The i love to cook book :
Remainder of title rediscovering the joy of cooking for family and friends /
Statement of responsibility, etc. GROVEMAN, LAUREN
260 ## - PUBLICATION, DISTRIBUTION, ETC.
Place of publication, distribution, etc. New York :
Name of publisher, distributor, etc. Clarkson Potter Pub.,
Date of publication, distribution, etc. c2004.
300 ## - PHYSICAL DESCRIPTION
Extent 320 pages :
Other physical details color illustrations ;
Dimensions 26cm.
504 ## - BIBLIOGRAPHY, ETC. NOTE
Bibliography, etc. note Includes bibliography and index.
650 ## - SUBJECT ADDED ENTRY--TOPICAL TERM
Source of heading or term Cooking.
942 ## - ADDED ENTRY ELEMENTS (KOHA)
Source of classification or shelving scheme Dewey Decimal Classification
Koha item type Book Circulation
Call number prefix Circ.
Suppress in OPAC No
952 ## - LOCATION AND ITEM INFORMATION (KOHA)
--
Holdings
Withdrawn status Lost status Source of classification or shelving scheme Damaged status Not for loan Home library Current library Shelving location Date acquired Source of acquisition Total Checkouts Full call number Barcode Date last seen Copy number Price effective from Koha item type Uniform Resource Identifier
    Dewey Decimal Classification     HM & Nursing Library HM & Nursing Library Circulation 10/08/2015 Donation   Circ. 641.5 G883i 2004 CL51163 08/20/2025 c1 08/20/2025 BK-CIRC